Elaboración de programas de cómputo para el cálculo de diseño eléctrico industrial siguiendo las normativas internacionales

Αποθηκεύτηκε σε:
Λεπτομέρειες βιβλιογραφικής εγγραφής
Κύριος συγγραφέας: Umaña Angulo, Julio
Μορφή: Βιβλίο
Έκδοση: [San José, Costa Rica] 2007
Θέματα:
Ετικέτες: Προσθήκη ετικέτας
Δεν υπάρχουν, Καταχωρήστε ετικέτα πρώτοι!

MARC

LEADER 00000nam a2200000Ia 4500
003 001205
005 20221231144056.0
008 140114s2007 cr a 000 ||s d
040 |c cru CEDI 
090 |a TFG 5727 
100 |a Umaña Angulo, Julio   |9 2556 
245 |a Elaboración de programas de cómputo para el cálculo de diseño eléctrico industrial siguiendo las normativas internacionales 
260 |c 2007  |b [San José, Costa Rica] 
300 |a  x, 75 hojas; ilustraciones ; + 1 disco óptico de computador (4 3/4 plg.) 
500 |a Proyecto de graduación (bachillerato en ingeniería eléctrica)--Universidad de Costa Rica. Facultad de Ingeniería. Escuela de Ingeniería Eléctrica 
650 |x ELECTRICIDAD   |x  PROCESAMIENTO DE DATOS   |x  DISEÑO  |9 4186 
942 |c TFG 
999 |c 16532  |d 16532